Administración un enfoque basado en competencias (Registro nro. 68432)

Detalles MARC
000 -ENCABEZADO
Número de control [NR] 01065nam a22002777a 4500
008 - DE LONGITUD FIJA DE DATOS DE ELEMENTOS - INFORMACIÓN GENERAL
Elementos de longitud fija [NR] 130821s2002 mx a gr spa
020 ## - NUMERO INTERNACIONAL NORMALIZADO PARA LIBROS [R]
Número Internacional Normalizado del libro [NR] 324259948
020 ## - NUMERO INTERNACIONAL NORMALIZADO PARA LIBROS [R]
Número Internacional Normalizado del libro [NR] 9706864242
040 ## - FUENTE DE CATALOGACION [NR]
Agencia de catalogación original [NR] Co-BoUCM
Idioma de catalogación [NR] spa
Quien Cataloga [Nuevo]
Quien Clasifica Aldemar Mondragón (modificó)
041 00 - CODIGO DE IDIOMA [R]
Código de idioma para texto/pista de sonido o título separado [R] Español
100 1# - ASIENTO PRINCIPAL--NOMBRE PERSONAL [NR]
Nombre personal [NR] Hellriegel, Don
ID Autoridad 33331
245 10 - MENCION DE TITULO [NR]
Título [NR] Administración un enfoque basado en competencias
Mención de responsabilidad, etc. [NR] Don Hellriegel, Susan E. Jackson; John W. Slocum ; traducción de José Luis Núñez Herrejón
250 ## - MENCION DE EDICION [NR]
Mención de edición [NR] 10a Ed.
260 ## - PUBLICACION, DISTRIBUCION, ETC. (PIE DE IMPRENTA) [R]
Lugar de publicación, distribución, etc. [R] México D.F. (México)
Nombre del editor, distribuidor, etc. [R] International Thomson Editores
Fecha de publicación, distribución, etc. [R] 2002
300 ## - DESCRIPCION FISICA [R]
Extensión [R] xxviii, 540 páginas
Otros detalles físicos [NR] ilustraciones, cuadros, tablas
500 ## - NOTA GENERAL [R]
Nota general [NR] Donación Dr. Guillermo Galán.
650 04 - ASIENTO SECUNDARIO DE MATERIA - TERMINO TEMATICO [R]
Término temático o nombre geográfico como elemento de entrada [NR] Administración
9 (RLIN) 8524
650 04 - ASIENTO SECUNDARIO DE MATERIA - TERMINO TEMATICO [R]
Término temático o nombre geográfico como elemento de entrada [NR] Dirección
9 (RLIN) 13317
650 04 - ASIENTO SECUNDARIO DE MATERIA - TERMINO TEMATICO [R]
Término temático o nombre geográfico como elemento de entrada [NR] Organización
9 (RLIN) 20847
700 1# - ASIENTO SECUNDARIO - NOMBRE PERSONAL [R]
Nombre personal [NR] Jackson, Susan E.
9 (RLIN) 48284
700 1# - ASIENTO SECUNDARIO - NOMBRE PERSONAL [R]
Nombre personal [NR] Nuñez Herrejón, José Luis
9 (RLIN) 43578
700 1# - ASIENTO SECUNDARIO - NOMBRE PERSONAL [R]
Nombre personal [NR] Slocum, John W.
9 (RLIN) 48285
765 ## - ASIENTO DE IDIOMA ORIGINAL [R]
Título [NR] Management a competency-based approach
942 ## - ELEMENTOS DE ENTRADA AGREGADOS (KOHA)
Tipo de ítem principal el descrito en 300a Libro
Tema principal Administración
Edición 1
Parte restante de la signatura top. H476a
Sistema de clasificación DEWEY
Clasificación 658.4
Existencias
Fecha de último préstamo Signatura topográfica Código de barras Última vez visto Volúmen / Fascículo Ejemplar Price effective from Tipo de ítem Perdido Sistema de clasificación Dañado No prestable Tipo de ítem específico Suprimido Ubicación habitual Ubicación actual Localización Fecha de creación Forma de adquisición Costo
20/09/2010 658.4 H476a 100108281 04/12/2025 10a. Ed. Ej.1 03/02/2013 Libro   DEWEY     Libro   Claustro Claustro 4to piso 28/02/2010 Donación 26000.00